[Event "Mittelfranken Landesliga Sued 2223"]
[Site "Mittelfranken"]
[Date "2023.01.15"]
[Round "5.8"]
[White "Fruehauf, Norbert"]
[Black "Heydari, Edwin"]
[Result "0-1"]
[WhiteElo "1859"]
[BlackElo "1912"]
[PlyCount "80"]
[EventDate "2022.10.09"]
[EventType "team-tourn"]
[EventRounds "9"]
[EventCountry "GER"]
[SourceTitle "EXT 2024"]
[Source "ChessBase"]
[SourceDate "2023.10.10"]
[SourceVersion "1"]
[SourceVersionDate "2023.10.10"]
[SourceQuality "1"]
[WhiteTeam "Rottal Inn"]
[BlackTeam "Muenchen Zugzwang II"]
[WhiteTeamCountry "GER"]
[BlackTeamCountry "GER"]

1. e4 d6 2. d4 Nf6 3. Nc3 e5 4. Nf3 Nbd7 5. Be2 Be7 6. h3 c6 7. 0-0 Qc7 8. dxe5 dxe5 9. Bg5 Nf8 10. Bc4 h6 11. Bxf6 Bxf6 12. Qe2 Be6 13. Rfd1 Bd7 14. Rd2 Ne6 15. Bxe6 Bxe6 16. Rad1 0-0 17. a4 Be7 18. Qe3 a6 19. b3 b5 20. Rd3 Rab8 21. axb5 axb5 22. Ra1 Ra8 23. Rdd1 Bb4 24. Kf1 Kh7 25. g4 f6 26. Nh4 g6 27. Ng2 Ra5 28. Rxa5 Qxa5 29. Ne2 Rd8 30. Qc1 Bc5 31. Ne3 Kg7 32. Rxd8 Qxd8 33. Nd1 f5 34. f3 fxe4 35. fxe4 h5 36. Ne3 Qg5 37. Nf5+ Kf6 38. Qxg5+ Kxg5 39. Ng7 Bd7 40. gxh5 Kh6 0-1

[Event "AUT-chT2W 2122"]
[Site "Austria"]
[Date "2022.02.19"]
[Round "4.6"]
[White "Karner, Sylvia"]
[Black "Fruehauf, Norbert"]
[Result "0-1"]
[WhiteElo "1718"]
[BlackElo "1904"]
[PlyCount "110"]
[EventDate "2021.10.15"]
[EventType "team-tourn"]
[EventRounds "11"]
[EventCountry "AUT"]
[SourceTitle "EXT 2023"]
[Source "ChessBase"]
[SourceDate "2022.10.05"]
[SourceVersion "1"]
[SourceVersionDate "2022.10.05"]
[SourceQuality "1"]
[WhiteTeam "Lustenau"]
[BlackTeam "Ranshofen"]
[WhiteTeamCountry "AUT"]
[BlackTeamCountry "AUT"]

1. d4 b6 2. Nf3 Bb7 3. g3 e6 4. Bg2 d5 5. 0-0 Nf6 6. c4 dxc4 7. Qc2 b5 8. a4 a6 9. b3 cxb3 10. Qxb3 c6 11. Ba3 Be7 12. Re1 Nbd7 13. Ne5 Nxe5 14. dxe5 Nd7 15. Bd6 Nb6 16. Nc3 Nd5 17. axb5 Qb6 18. Nxd5 cxd5 19. Bxe7 Kxe7 20. Qa3+ Kd7 21. bxa6 Rxa6 22. Qd3 Ke7 23. Rab1 Qc7 24. Rec1 Rc6 25. Qa3+ Kd7 26. Rxc6 Bxc6 27. Qf3 Qxe5 28. Qxf7+ Kd6 29. Qf3 Ra8 30. Qd3 g6 31. f4 Qg7 32. e4 Qa7+ 33. Kh1 Qa2 34. exd5 exd5 35. Rd1 Rb8 36. Qd4 Qb2 37. Qxb2 Rxb2 38. Kg1 Rc2 39. Bf1 Bd7 40. h4 Bg4 41. Ra1 Bf5 42. Ra3 Kc5 43. Bd3 Rc1+ 44. Kf2 Kb4 45. Bxf5 Kxa3 46. Bd3 Kb4 47. h5 Rc6 48. hxg6 hxg6 49. f5 gxf5 50. Bxf5 Kc3 51. Ke2 d4 52. g4 Rc7 53. Kd1 d3 54. g5 Ra7 55. g6 Ra1# 0-1

[Event "Landesliga Sued 1819"]
[Site "Bayern"]
[Date "2019.04.07"]
[Round "9.8"]
[White "Boehm, Uwe"]
[Black "Fruehauf, Norbert"]
[Result "1/2-1/2"]
[WhiteElo "1956"]
[BlackElo "1928"]
[PlyCount "46"]
[EventDate "2018.10.21"]
[EventType "team-tourn"]
[EventRounds "9"]
[EventCountry "GER"]
[SourceTitle "EXT 2022"]
[Source "ChessBase"]
[SourceDate "2021.10.06"]
[SourceVersion "1"]
[SourceVersionDate "2021.10.06"]
[SourceQuality "1"]
[WhiteTeam "Muenchen SC II"]
[BlackTeam "Rottal Inn"]
[WhiteTeamCountry "GER"]
[BlackTeamCountry "GER"]

1. d4 Nf6 2. Bg5 e6 3. e4 c5 4. e5 h6 5. Bc1 Nh7 6. Nf3 d5 7. c3 Nc6 8. Be2 Be7 9. 0-0 Ng5 10. Be3 Qb6 11. b3 Nxf3+ 12. Bxf3 Bd7 13. Bh5 g6 14. Be2 cxd4 15. cxd4 Kf8 16. Nc3 Kg7 17. Na4 Qd8 18. f4 b6 19. Nb2 h5 20. Nd3 Rc8 21. g3 Nb4 22. Nxb4 Bxb4 23. Rc1 Ba3 1/2-1/2

[Event "Faroes op"]
[Site "Sandavagur"]
[Date "2018.07.13"]
[Round "8"]
[White "Rodgaard, John"]
[Black "Fruehauf, Norbert"]
[Result "1-0"]
[WhiteElo "2319"]
[BlackElo "1963"]
[PlyCount "55"]
[EventDate "2018.07.07"]
[EventType "swiss"]
[EventRounds "9"]
[EventCountry "FAI"]
[SourceTitle "CBM 185 Extra"]
[Source "ChessBase"]
[SourceDate "2018.07.29"]
[SourceVersion "1"]
[SourceVersionDate "2018.07.29"]
[SourceQuality "1"]

1. Nf3 d6 2. d4 Bg4 3. c4 Bxf3 4. exf3 g6 5. Nc3 Bg7 6. Be3 e6 7. Qb3 Qc8 8. d5 Ne7 9. Bd3 0-0 10. 0-0 Nf5 11. Bxf5 exf5 12. Rfe1 b6 13. Bd2 Re8 14. Nb5 Na6 15. Qa3 Qb7 16. Bc3 Bf8 17. b4 Rac8 18. Bb2 Bg7 19. Bxg7 Kxg7 20. h4 h5 21. Qa4 Kf8 22. a3 Ra8 23. Kf1 Rxe1+ 24. Rxe1 Qc8 25. Qd1 Qd8 26. Qd4 Kg8 27. g3 Nb8 28. Nxc7 1-0

[Event "Pfarrkirchen Rottal op 2nd"]
[Site "Pfarrkirchen"]
[Date "2018.04.01"]
[Round "4"]
[White "Breu, Alfons"]
[Black "Fruehauf, Norbert"]
[Result "1/2-1/2"]
[WhiteElo "1549"]
[BlackElo "1971"]
[PlyCount "35"]
[EventDate "2018.03.30"]
[EventType "swiss"]
[EventRounds "7"]
[EventCountry "GER"]
[SourceTitle "CBM 183 Extra"]
[Source "ChessBase"]
[SourceDate "2018.04.19"]
[SourceVersion "1"]
[SourceVersionDate "2018.04.19"]
[SourceQuality "1"]

1. Nf3 Nf6 2. g3 d5 3. Bg2 c6 4. 0-0 Bf5 5. d3 h6 6. Nbd2 e6 7. c4 Be7 8. Qb3 Qc8 9. cxd5 cxd5 10. Nd4 Bh7 11. N2f3 Na6 12. Bf4 Nc5 13. Qb5+ Qd7 14. Rfc1 a6 15. Qxd7+ Ncxd7 16. Rc7 b5 17. Nc6 Bc5 18. d4 1/2-1/2

[Event "Pfarrkirchen Rottal op 2nd"]
[Site "Pfarrkirchen"]
[Date "2018.03.31"]
[Round "3"]
[White "Fruehauf, Norbert"]
[Black "Pfister, Michael"]
[Result "1-0"]
[WhiteElo "1971"]
[BlackElo "1638"]
[PlyCount "65"]
[EventDate "2018.03.30"]
[EventType "swiss"]
[EventRounds "7"]
[EventCountry "GER"]
[SourceTitle "CBM 183 Extra"]
[Source "ChessBase"]
[SourceDate "2018.04.19"]
[SourceVersion "1"]
[SourceVersionDate "2018.04.19"]
[SourceQuality "1"]

1. e4 d5 2. exd5 Nf6 3. d4 Nxd5 4. c4 Nb4 5. a3 N4a6 6. Be3 g6 7. Nc3 Bg7 8. Nf3 0-0 9. Be2 c6 10. 0-0 Nc7 11. Qd2 Bg4 12. h3 Bxf3 13. Bxf3 Nd7 14. Rfd1 Qe8 15. Bh6 Nf6 16. Bxg7 Kxg7 17. Qe3 e6 18. g4 h6 19. h4 Qe7 20. Qe5 Kh7 21. g5 Nd7 22. Qxc7 h5 23. Ne4 Rae8 24. Kg2 f5 25. gxf6 Nxf6 26. Qxe7+ Rxe7 27. Ng5+ Kh6 28. Re1 Rfe8 29. Re2 Nh7 30. Nxh7 Kxh7 31. Rae1 Kh6 32. Re5 a6 33. d5 1-0

[Event "Pfarrkirchen Rottal op 2nd"]
[Site "Pfarrkirchen"]
[Date "2018.03.31"]
[Round "2"]
[White "Meijers, Viesturs"]
[Black "Fruehauf, Norbert"]
[Result "1-0"]
[WhiteElo "2470"]
[BlackElo "1971"]
[PlyCount "69"]
[EventDate "2018.03.30"]
[EventType "swiss"]
[EventRounds "7"]
[EventCountry "GER"]
[SourceTitle "CBM 183 Extra"]
[Source "ChessBase"]
[SourceDate "2018.04.19"]
[SourceVersion "1"]
[SourceVersionDate "2018.04.19"]
[SourceQuality "1"]

1. c4 e5 2. b3 g6 3. Bb2 Bg7 4. g3 Nc6 5. Bg2 d6 6. e3 Nge7 7. Ne2 0-0 8. Nbc3 Bf5 9. d3 Qd7 10. h3 h5 11. Nd5 Nd8 12. d4 c6 13. Ndc3 Qc7 14. 0-0 Bd7 15. Ba3 Re8 16. Ne4 Nc8 17. dxe5 dxe5 18. Qd2 Bf5 19. Rad1 Bxe4 20. Bxe4 Ne6 21. Bg2 Rd8 22. Qc2 Bf8 23. Bb2 Ne7 24. h4 f6 25. Bh3 Ng7 26. Nc3 Ngf5 27. Ne4 Kg7 28. Nc5 Rd6 29. e4 b6 30. Na6 Qb7 31. exf5 Rxd1 32. Qxd1 Qxa6 33. fxg6 Kxg6 34. f4 Qxa2 35. Qc2+ 1-0

[Event "Pfarrkirchen Rottal op 2nd"]
[Site "Pfarrkirchen"]
[Date "2018.03.30"]
[Round "1"]
[White "Fruehauf, Norbert"]
[Black "Espig, Nils"]
[Result "1-0"]
[WhiteElo "1971"]
[BlackElo "1424"]
[PlyCount "77"]
[EventDate "2018.03.30"]
[EventType "swiss"]
[EventRounds "7"]
[EventCountry "GER"]
[SourceTitle "CBM 183 Extra"]
[Source "ChessBase"]
[SourceDate "2018.04.19"]
[SourceVersion "1"]
[SourceVersionDate "2018.04.19"]
[SourceQuality "1"]

1. e4 c5 2. Nc3 Nc6 3. g3 Nf6 4. Bg2 g6 5. d3 Bg7 6. h3 0-0 7. Be3 d6 8. Qd2 Be6 9. Bh6 Qa5 10. Bxg7 Kxg7 11. Nge2 Rfc8 12. 0-0 d5 13. Nf4 d4 14. Nxe6+ fxe6 15. Nb1 Qxd2 16. Nxd2 e5 17. f4 exf4 18. gxf4 e5 19. Nc4 Re8 20. Rf2 Nh5 21. fxe5 Nxe5 22. Nxe5 Rxe5 23. Raf1 Re7 24. Kh2 Rd8 25. h4 Rdd7 26. Bh3 Rc7 27. Bg4 Rf7 28. Bxh5 gxh5 29. Rxf7+ Rxf7 30. Rxf7+ Kxf7 31. Kg3 Kf6 32. Kf4 h6 33. a4 b6 34. b3 a6 35. e5+ Ke6 36. Ke4 a5 37. Kf4 Ke7 38. Kf5 Kf7 39. e6+ 1-0

[Event "Landesliga Sued 1617"]
[Site "Bayern"]
[Date "2017.04.30"]
[Round "9.8"]
[White "Fruehauf, Norbert"]
[Black "Pawelzik, Malte"]
[Result "0-1"]
[WhiteElo "1973"]
[BlackElo "2090"]
[PlyCount "176"]
[EventDate "2016.10.16"]
[EventType "team-tourn"]
[EventRounds "9"]
[EventCountry "GER"]
[SourceTitle "EXT 2019"]
[Source "ChessBase"]
[SourceDate "2018.10.10"]
[SourceVersion "1"]
[SourceVersionDate "2018.10.10"]
[SourceQuality "1"]
[WhiteTeam "Rottal"]
[BlackTeam "Garching II"]
[WhiteTeamCountry "GER"]
[BlackTeamCountry "GER"]

1. e4 e6 2. d4 d5 3. Nd2 Nf6 4. e5 Nfd7 5. Bd3 c5 6. c3 Nc6 7. Ngf3 g6 8. 0-0 Bg7 9. Re1 Qb6 10. Qa4 0-0 11. Nf1 cxd4 12. cxd4 f6 13. exf6 Nxf6 14. Bb5 Ne4 15. Be3 Ne7 16. Rec1 Nf5 17. Bd3 Nxe3 18. fxe3 Qd8 19. Qc2 Ng5 20. Ne5 Nf7 21. Nf3 e5 22. Be2 e4 23. N3d2 Be6 24. Qc7 Nd6 25. Qxd8 Raxd8 26. Rc7 Rc8 27. Rac1 Bh6 28. Rxc8 Rxc8 29. Rxc8+ Bxc8 30. Nb1 Kf7 31. Nc3 Be6 32. Kf2 Ke7 33. Nd2 Nf5 34. Nf1 Nd6 35. Nd2 Nf5 36. Nf1 Bg5 37. Nb5 a6 38. Nc7 Bf7 39. Na8 Kd6 40. Nb6 Kc6 41. Na4 Be7 42. Nd2 b5 43. Nc3 Bg5 44. Nf1 Be8 45. Nb1 Kb6 46. Nbd2 a5 47. Bg4 Ng7 48. Nb1 b4 49. Be2 Nf5 50. Bg4 Ng7 51. Be2 Bd7 52. Nbd2 a4 53. Nb1 Nf5 54. Nbd2 Bc6 55. Bg4 Nd6 56. Be6 Be7 57. Bg8 h6 58. Bh7 Be8 59. Bg8 Kc6 60. Ke2 Nf5 61. Be6 Ng7 62. Bh3 h5 63. Kf2 g5 64. g3 g4 65. Bg2 Ne6 66. Nb1 Ng5 67. Nfd2 Bd7 68. Nf1 Bc8 69. Nfd2 Bf8 70. Bf1 Bd6 71. Kg2 Bb7 72. Kf2 Ne6 73. Be2 Ng7 74. Nf1 Bc8 75. Nbd2 Bc7 76. Nb1 Ba5 77. Nbd2 Nf5 78. b3 a3 79. Nb1 Bd8 80. Kg2 Bg5 81. Kf2 Kb6 82. Nbd2 Ka5 83. Nb1 Bd7 84. Nbd2 Bc6 85. Nb1 Nd6 86. Nfd2 Bd7 87. Bf1 Nb5 88. Bxb5 Bxb5 0-1

[Event "Cologne Longerich op-A 13th"]
[Site "Cologne"]
[Date "2016.08.12"]
[Round "1"]
[White "Fruehauf, Norbert"]
[Black "Evers, Leo"]
[Result "0-1"]
[WhiteElo "1935"]
[BlackElo "2054"]
[PlyCount "114"]
[EventDate "2016.08.12"]
[EventType "swiss"]
[EventRounds "5"]
[EventCountry "GER"]
[SourceTitle "EXT 2022"]
[Source "ChessBase"]
[SourceDate "2021.10.06"]
[SourceVersion "1"]
[SourceVersionDate "2021.10.06"]
[SourceQuality "1"]

1. e4 c5 2. Nc3 Nc6 3. g3 g6 4. Bg2 Bg7 5. Nge2 Rb8 6. d3 b5 7. 0-0 e6 8. Be3 d6 9. Qd2 Nd4 10. f4 Ne7 11. Nd1 0-0 12. c3 Nxe2+ 13. Qxe2 Re8 14. Bf2 Qc7 15. Ne3 Bb7 16. g4 f5 17. Bh4 b4 18. Qd2 bxc3 19. bxc3 Qa5 20. Rac1 Bd4 21. Rf2 Bxe3 22. Qxe3 fxg4 23. f5 exf5 24. Qh6 Qc7 25. Bf6 Nc8 26. exf5 Qf7 27. fxg6 Qxg6 28. Qxg6+ hxg6 29. d4 Nb6 30. Bf1 Bd5 31. Bd3 Be4 32. Bb5 Re6 33. Bg5 Rf8 34. Rcf1 Rxf2 35. Rxf2 Bf5 36. Re2 Rxe2 37. Bxe2 Kg7 38. Kf2 Nd5 39. Bd2 Nf6 40. Ke3 Nd5+ 41. Kf2 Nf6 42. Ke3 g5 43. Bc4 Kg6 44. Be1 d5 45. Ba6 c4 46. Bb5 Be6 47. Bc6 Kf5 48. Bg3 Ne4 49. Be1 g3 50. hxg3 Kg4 51. Ba4 Nxg3 52. Bd1+ Kh3 53. Kf2 g4 54. Kg1 Bf5 55. Ba4 Ne2+ 56. Kf2 Nf4 57. Bd1 Nd3+ 0-1

[Event "Niederbayernliga 1516"]
[Site "Bayern"]
[Date "2016.04.10"]
[Round "9.4"]
[White "Neuwerth, Chulian"]
[Black "Fruehauf, Norbert"]
[Result "1/2-1/2"]
[WhiteElo "1811"]
[BlackElo "1926"]
[PlyCount "78"]
[EventDate "2015.10.11"]
[EventType "team-tourn"]
[EventRounds "9"]
[EventCountry "GER"]
[SourceTitle "EXT 2023"]
[Source "ChessBase"]
[SourceDate "2022.10.05"]
[SourceVersion "1"]
[SourceVersionDate "2022.10.05"]
[SourceQuality "1"]
[WhiteTeam "Roehrnbach II"]
[BlackTeam "Rottal II"]
[WhiteTeamCountry "GER"]
[BlackTeamCountry "GER"]

1. e4 d5 2. exd5 Qxd5 3. Nc3 Qd6 4. d4 Nf6 5. Nf3 c6 6. Be2 Bf5 7. 0-0 e6 8. Re1 Be7 9. Ne5 0-0 10. Bf4 Qd8 11. Bf3 Nbd7 12. Qe2 Bb4 13. Bg5 Qa5 14. Nc4 Qc7 15. Ne5 Nxe5 16. dxe5 Nd5 17. Nxd5 cxd5 18. c3 Bc5 19. Bg4 Bg6 20. Be3 Rfc8 21. Bxc5 Qxc5 22. Rad1 Qc4 23. a3 Rc7 24. Rd4 Qxe2 25. Rxe2 Rac8 26. Red2 Kf8 27. Be2 Bb1 28. f4 f5 29. Bd3 Bxd3 30. R2xd3 Rc4 31. Rxc4 Rxc4 32. Rd4 Rxd4 33. cxd4 Ke7 34. Kf2 Kd7 35. Ke3 Kc6 36. Kd3 Kb5 37. b3 a5 38. Kc3 a4 39. b4 Kc6 1/2-1/2

[Event "Niederbayernliga 1516"]
[Site "Bayern"]
[Date "2016.02.21"]
[Round "7.5"]
[White "Fruehauf, Norbert"]
[Black "Bilyavskyy, Borys"]
[Result "1-0"]
[WhiteElo "1926"]
[BlackElo "1814"]
[PlyCount "113"]
[EventDate "2015.10.11"]
[EventType "team-tourn"]
[EventRounds "9"]
[EventCountry "GER"]
[SourceTitle "EXT 2023"]
[Source "ChessBase"]
[SourceDate "2022.10.05"]
[SourceVersion "1"]
[SourceVersionDate "2022.10.05"]
[SourceQuality "1"]
[WhiteTeam "Rottal II"]
[BlackTeam "Ergolding"]
[WhiteTeamCountry "GER"]
[BlackTeamCountry "GER"]

1. e4 c5 2. c3 Nf6 3. e5 Nd5 4. Bc4 Nb6 5. Bb3 c4 6. Bc2 Nc6 7. Nf3 d6 8. Qe2 g6 9. exd6 Qxd6 10. d4 cxd3 11. Bxd3 Bg7 12. 0-0 0-0 13. Rd1 Qe6 14. Be3 Rd8 15. Na3 Qg4 16. Bxb6 axb6 17. Qe3 e5 18. h3 Qf4 19. Qxf4 exf4 20. Nc4 Be6 21. Nxb6 Rxa2 22. Rxa2 Bxa2 23. Bc2 Rxd1+ 24. Bxd1 Bb1 25. Nd5 Be5 26. Nxe5 Nxe5 27. Nxf4 Kf8 28. Nd5 Be4 29. Nf6 Bc6 30. Nxh7+ Kg7 31. Ng5 Kf6 32. h4 Ke7 33. Be2 f6 34. Nh3 Kd6 35. Nf4 Be4 36. g3 g5 37. hxg5 fxg5 38. Ng2 Bc6 39. Ne3 Kc7 40. Kf1 b5 41. Nc2 Kb6 42. Nd4 Bd7 43. f4 gxf4 44. gxf4 Nf7 45. Kf2 Nd6 46. Ke3 Kc5 47. b4+ Kd5 48. Kd3 Nc4 49. Bf3+ Kd6 50. Nb3 Na3 51. Be4 Nc4 52. Kd4 Nb6 53. Nc5 Bc8 54. Bd3 Nd5 55. f5 Ne7 56. f6 Nc6+ 57. Ke4 1-0

[Event "Niederbayernliga 1516"]
[Site "Bayern"]
[Date "2016.01.31"]
[Round "6.4"]
[White "Fruehauf, Norbert"]
[Black "Kutschera, Gottlieb"]
[Result "1-0"]
[WhiteElo "1926"]
[BlackElo "1668"]
[PlyCount "39"]
[EventDate "2015.10.11"]
[EventType "team-tourn"]
[EventRounds "9"]
[EventCountry "GER"]
[SourceTitle "EXT 2023"]
[Source "ChessBase"]
[SourceDate "2022.10.05"]
[SourceVersion "1"]
[SourceVersionDate "2022.10.05"]
[SourceQuality "1"]
[WhiteTeam "Rottal II"]
[BlackTeam "Landau Dingolfing II"]
[WhiteTeamCountry "GER"]
[BlackTeamCountry "GER"]

1. e4 c5 2. c3 d5 3. exd5 Qxd5 4. d4 Nf6 5. Nf3 e6 6. Na3 Qd8 7. Nc2 Nc6 8. Bb5 a6 9. Bxc6+ bxc6 10. 0-0 Be7 11. Ne5 Bb7 12. Qe2 cxd4 13. Nxd4 c5 14. Ndf3 Qc7 15. Rd1 0-0 16. Bg5 Bxf3 17. Nxf3 h6 18. Bh4 Nd5 19. Bxe7 Qxe7 20. Rxd5 1-0

[Event "Niederbayernliga 1415"]
[Site "Bayern"]
[Date "2015.03.15"]
[Round "8.4"]
[White "Fruehauf, Norbert"]
[Black "Kuehne, Ronald"]
[Result "1/2-1/2"]
[WhiteElo "1950"]
[BlackElo "1669"]
[PlyCount "82"]
[EventDate "2014.10.19"]
[EventType "team-tourn"]
[EventRounds "9"]
[EventCountry "GER"]
[SourceTitle "EXT 2023"]
[Source "ChessBase"]
[SourceDate "2022.10.05"]
[SourceVersion "1"]
[SourceVersionDate "2022.10.05"]
[SourceQuality "1"]
[WhiteTeam "Rottal II"]
[BlackTeam "Ergolding"]
[WhiteTeamCountry "GER"]
[BlackTeamCountry "GER"]

1. e4 c6 2. d4 d5 3. Nc3 e6 4. Nf3 dxe4 5. Nxe4 Qc7 6. Bd3 Nd7 7. 0-0 Ngf6 8. Ng3 Bd6 9. Qe2 0-0 10. c3 Re8 11. Bg5 h6 12. Bd2 e5 13. dxe5 Nxe5 14. Nxe5 Bxe5 15. Be3 Bg4 16. Qc2 Nd5 17. Rfe1 Bxg3 18. hxg3 Nxe3 19. Qa4 b5 20. Qd4 Rad8 21. Rxe3 Rxe3 22. Qxe3 Qd7 23. Bc2 Re8 24. Qd3 Qxd3 25. Bxd3 Rd8 26. Be4 Rd6 27. a4 Rd1+ 28. Rxd1 Bxd1 29. a5 c5 30. b4 cxb4 31. cxb4 Be2 32. f4 Kf8 33. Bd5 Ke7 34. Kf2 Bg4 35. Ke3 f6 36. Bc6 Bd7 37. Bxd7 Kxd7 38. Kd4 Kd6 39. f5 h5 40. Ke4 Kc6 41. Kd4 Kd6 1/2-1/2

[Event "Untergrombach op 32nd"]
[Site "Untergrombach"]
[Date "2015.01.05"]
[Round "7"]
[White "Fruehauf, Norbert"]
[Black "Dushatskiy, Fedor"]
[Result "1/2-1/2"]
[WhiteElo "1981"]
[BlackElo "2109"]
[PlyCount "44"]
[EventDate "2015.01.02"]
[EventType "swiss"]
[EventRounds "7"]
[EventCountry "GER"]
[SourceTitle "CBM 164 Extra"]
[Source "ChessBase"]
[SourceDate "2015.03.02"]
[SourceVersion "1"]
[SourceVersionDate "2015.03.02"]
[SourceQuality "1"]

1. e4 e5 2. Nf3 Nc6 3. Bb5 a6 4. Ba4 d6 5. 0-0 Bd7 6. c3 g6 7. d4 Bg7 8. Re1 Nge7 9. Be3 0-0 10. d5 Nb8 11. Bc2 Bg4 12. h3 Bc8 13. c4 c5 14. Nc3 Qe8 15. Nh2 f5 16. exf5 Bxf5 17. Ne4 Bxe4 18. Bxe4 Nf5 19. Bg5 Nd7 20. Ng4 Nd4 21. Qd2 Nf6 22. Rac1 Qd7 1/2-1/2

[Event "Untergrombach op 32nd"]
[Site "Untergrombach"]
[Date "2015.01.03"]
[Round "2"]
[White "Fruehauf, Norbert"]
[Black "Spirin, Oleg"]
[Result "0-1"]
[WhiteElo "1947"]
[BlackElo "2475"]
[PlyCount "98"]
[EventDate "2015.01.02"]
[EventType "swiss"]
[EventRounds "7"]
[EventCountry "GER"]
[SourceTitle "CBM 164 Extra"]
[Source "ChessBase"]
[SourceDate "2015.03.02"]
[SourceVersion "1"]
[SourceVersionDate "2015.03.02"]
[SourceQuality "1"]

1. e4 c5 2. Nf3 d6 3. g3 Nf6 4. d3 g6 5. Bg2 Nc6 6. 0-0 Bg7 7. Nbd2 0-0 8. Re1 e5 9. Nf1 h6 10. a4 b6 11. Bd2 Rb8 12. c3 a5 13. h3 Be6 14. Ne3 Re8 15. Qc2 Rc8 16. c4 Nb4 17. Qb1 Nd7 18. Nh4 Nb8 19. Bxb4 cxb4 20. b3 Na6 21. Qd1 Nc5 22. Rb1 Bd7 23. Qe2 Rf8 24. Red1 Bc6 25. Qg4 Kh7 26. Qe2 Qe7 27. Kh2 Rce8 28. Kg1 Qd8 29. Rf1 Bb7 30. Rfd1 Bc8 31. Kh2 Bb7 32. Kg1 Ne6 33. Nc2 Nf4 34. Qf1 Nxg2 35. Qxg2 Qa8 36. g4 Bf6 37. Qg3 Be7 38. Ne3 Qd8 39. Nhg2 f5 40. Nd5 Rf7 41. f3 Ref8 42. Rf1 Bxd5 43. exd5 Qc7 44. Nh4 Qc5+ 45. Kg2 Bg5 46. Qe1 Qd4 47. Rd1 Qb2+ 48. Kh1 fxg4 49. hxg4 Qxb3 0-1

[Event "Niederbayernliga 1415"]
[Site "Bayern"]
[Date "2014.11.23"]
[Round "3.3"]
[White "Kuespert, Erwin"]
[Black "Fruehauf, Norbert"]
[Result "0-1"]
[WhiteElo "1776"]
[BlackElo "1950"]
[PlyCount "86"]
[EventDate "2014.10.19"]
[EventType "team-tourn"]
[EventRounds "9"]
[EventCountry "GER"]
[SourceTitle "EXT 2023"]
[Source "ChessBase"]
[SourceDate "2022.10.05"]
[SourceVersion "1"]
[SourceVersionDate "2022.10.05"]
[SourceQuality "1"]
[WhiteTeam "Schaibing"]
[BlackTeam "Rottal II"]
[WhiteTeamCountry "GER"]
[BlackTeamCountry "GER"]

1. d4 Nf6 2. Nf3 e6 3. e3 b6 4. Bd3 Bb7 5. 0-0 Be7 6. b3 d6 7. Bb2 Nbd7 8. c4 0-0 9. Nbd2 Re8 10. Qc2 Bf8 11. Rad1 Qe7 12. Ba3 c5 13. Rfe1 g6 14. e4 e5 15. d5 Bh6 16. Nf1 Nh5 17. g3 Nf8 18. Bc1 Bxc1 19. Rxc1 Kg7 20. Qd2 h6 21. Nh4 Bc8 22. Be2 Nf6 23. Bd3 N8h7 24. Ne3 Ng5 25. Neg2 Nh3+ 26. Kh1 Ng4 27. Rf1 Qg5 28. f4 Qh5 29. Rc2 g5 30. fxg5 hxg5 31. Nf5+ Bxf5 32. Rxf5 Nhf2+ 33. Kg1 Qxh2+ 34. Kf1 Qh1+ 35. Ke2 Qxg2 36. Qxg5+ Kf8 37. Qh5 Nxe4+ 38. Ke1 Qg1+ 39. Bf1 Qxg3+ 40. Kd1 Ne3+ 41. Kc1 Nxf5 42. Qxf5 Qf4+ 43. Qxf4 exf4 0-1

[Event "Niederbayernliga 1415"]
[Site "Bayern"]
[Date "2014.10.19"]
[Round "1.5"]
[White "Haehnlein, Kurt"]
[Black "Fruehauf, Norbert"]
[Result "1/2-1/2"]
[WhiteElo "1853"]
[BlackElo "1950"]
[PlyCount "37"]
[EventDate "2014.10.19"]
[EventType "team-tourn"]
[EventRounds "9"]
[EventCountry "GER"]
[SourceTitle "EXT 2023"]
[Source "ChessBase"]
[SourceDate "2022.10.05"]
[SourceVersion "1"]
[SourceVersionDate "2022.10.05"]
[SourceQuality "1"]
[WhiteTeam "Landau Dingolfing"]
[BlackTeam "Rottal II"]
[WhiteTeamCountry "GER"]
[BlackTeamCountry "GER"]

1. c4 e5 2. Nc3 Nf6 3. Nf3 Nc6 4. d4 exd4 5. Nxd4 Be7 6. e4 Nxd4 7. Qxd4 d6 8. Be2 0-0 9. 0-0 Re8 10. h3 h6 11. Bf4 Be6 12. Rad1 Nd7 13. Qd2 Bg5 14. Bxg5 hxg5 15. b3 Ne5 16. f4 gxf4 17. Qxf4 Ng6 18. Qg3 Qh4 19. Qxh4 1/2-1/2

[Event "AUT-ch"]
[Site "Feistritz an der Drau"]
[Date "2014.08.30"]
[Round "8"]
[White "Oswald, Heinz"]
[Black "Fruehauf, Norbert"]
[Result "1-0"]
[WhiteElo "2000"]
[BlackElo "2014"]
[PlyCount "51"]
[EventDate "2014.08.24"]
[EventType "swiss"]
[EventRounds "9"]
[EventCountry "AUT"]
[SourceTitle "CBM 162 Extra"]
[Source "ChessBase"]
[SourceDate "2014.10.17"]
[SourceVersion "1"]
[SourceVersionDate "2014.10.17"]
[SourceQuality "1"]

1. e4 e5 2. Nf3 Nc6 3. Bb5 a6 4. Ba4 Nf6 5. 0-0 b5 6. Bb3 Be7 7. Re1 0-0 8. a4 b4 9. c3 d6 10. h3 a5 11. d3 h6 12. Nbd2 Re8 13. Nf1 Bf8 14. Ne3 bxc3 15. bxc3 Ne7 16. Rb1 c5 17. Qc2 Qc7 18. Bd2 Bb7 19. Qa2 Reb8 20. Bxf7+ Kh7 21. Be6 g6 22. Ng4 Neg8 23. Rb2 Bc6 24. Reb1 Rxb2 25. Rxb2 Nxg4 26. Bxg8+ 1-0

[Event "AUT-ch"]
[Site "Feistritz an der Drau"]
[Date "2014.08.28"]
[Round "6"]
[White "Ager, Josef"]
[Black "Fruehauf, Norbert"]
[Result "1-0"]
[WhiteElo "2151"]
[BlackElo "2014"]
[PlyCount "71"]
[EventDate "2014.08.24"]
[EventType "swiss"]
[EventRounds "9"]
[EventCountry "AUT"]
[SourceTitle "CBM 162 Extra"]
[Source "ChessBase"]
[SourceDate "2014.10.17"]
[SourceVersion "1"]
[SourceVersionDate "2014.10.17"]
[SourceQuality "1"]

1. Nf3 Nf6 2. b3 g6 3. Bb2 Bg7 4. c4 c5 5. e3 0-0 6. Be2 d6 7. 0-0 Nbd7 8. d4 cxd4 9. exd4 e6 10. Nc3 a6 11. Qd2 Qc7 12. Rac1 b6 13. Ba3 Rd8 14. Qf4 e5 15. Qd2 Bb7 16. Rfd1 e4 17. Ng5 h6 18. Nh3 Nf8 19. Nf4 Re8 20. Ncd5 Nxd5 21. Nxd5 Qd8 22. Qb4 Nd7 23. Qc3 Rc8 24. Qg3 Bxd5 25. cxd5 Rxc1 26. Rxc1 Bxd4 27. Qxd6 Nc5 28. Qxd8 Rxd8 29. Rd1 Nd3 30. Bxd3 exd3 31. Rxd3 Rxd5 32. Kf1 Bc5 33. Rxd5 Bxa3 34. Ke2 a5 35. Kd3 Kg7 36. Kc4 1-0

[Event "AUT-ch"]
[Site "Feldkirch"]
[Date "2013.07.27"]
[Round "8"]
[White "Haertl, Siegfried"]
[Black "Fruehauf, Norbert"]
[Result "0-1"]
[WhiteElo "2102"]
[BlackElo "2074"]
[PlyCount "46"]
[EventDate "2013.07.20"]
[EventType "swiss"]
[EventRounds "9"]
[EventCountry "AUT"]
[SourceTitle "CBM 155 Extra"]
[Source "ChessBase"]
[SourceDate "2013.08.26"]
[SourceVersion "1"]
[SourceVersionDate "2013.08.26"]
[SourceQuality "1"]

1. d4 Nf6 2. c4 e6 3. Nc3 Bb4 4. Qc2 Nc6 5. Nf3 d6 6. Bg5 h6 7. Bh4 g5 8. Bg3 g4 9. Nd2 Nxd4 10. Qd3 Nf5 11. e4 Nxg3 12. hxg3 Bxc3 13. Qxc3 e5 14. 0-0-0 Qe7 15. Qe3 Qf8 16. f4 gxf3 17. gxf3 Qg7 18. Qf2 b6 19. Kb1 Bd7 20. Be2 Bc6 21. Nf1 Nxe4 22. Qe3 Nc5 23. Rh5 Qg6+ 0-1